Eramus Superior Court Practice / (Record no. 14)
[ view plain ]
| 000 -LEADER | |
|---|---|
| fixed length control field | 00556nam a22001817a 4500 |
| 005 - DATE AND TIME OF INPUT | |
| control field | 20231023143920.0 |
| 008 - DATA ELEMENTS--GENERAL INFORMATION | |
| fixed length control field | 231023b |||||||| |||| 00| 0 eng d |
| 020 ## - INTERNATIONAL STANDARD BOOK NUMBER | |
| International Standard Book Number | 9781485108016 |
| 041 ## - LANGUAGE CODE | |
| Language code of text | English |
| 082 ## - SHELF NUMBER | |
| DDC number | 347 ERA |
| 100 ## - MAIN AUTHOR | |
| Main author's name | van Loggerenberg, DE |
| Language of a work | English |
| 245 ## - TITLE STATEMENT | |
| Title | Eramus Superior Court Practice / |
| Statement of responsibility, etc. | DE van Loggerenberg |
| 250 ## - EDITION STATEMENT | |
| Edition statement | Second Edition |
| 260 ## - PUBLICATION, DISTRIBUTION, ETC. | |
| Place of publication, distribution, etc. | Cape Town : |
| Name of publisher, distributor, etc. | Juta and Company (Pty) Ltd, |
| Date of publication, distribution, etc. | 2015 |
| 300 ## - PHYSICAL DESCRIPTION | |
| Other physical details | iii, 220 pages ; |
| Dimensions | 26.5 cm. |
| 650 ## - SUBJECT` | |
| Broad subject | Legal practice |
| Own subject terms | Law |
| 942 ## - ADDED ENTRY ELEMENTS (KOHA) | |
| Item type | Books |
| 942 ## - ADDED ENTRY ELEMENTS (KOHA) | |
| -- | ALISON_B_N__VRIES |
| Source of classification or shelving scheme | Volume number (bound volume or other part) | Not for loan | Collection code | Home library | Current library | Shelving location | Date acquired | Full call number | Barcode | Price effective from | Koha item type |
|---|---|---|---|---|---|---|---|---|---|---|---|
| Dewey Decimal Classification | volume 3 | TEXT BOOKS | LAW SOCIETY OF NAMIBIA LIBRARY - WINDHOEK | LAW SOCIETY OF NAMIBIA LIBRARY - WINDHOEK | Civil Procedure and Court | 10/23/2023 | 347 ERA | LSN/2015/21 | 10/23/2023 | Books | |
| Dewey Decimal Classification | volume 3 | TEXT BOOKS | LAW SOCIETY OF NAMIBIA LIBRARY - WINDHOEK | LAW SOCIETY OF NAMIBIA LIBRARY - WINDHOEK | Civil Procedure and Court | 10/23/2023 | 347 ERA | LSN/2015/22 | 10/23/2023 | Books | |
| Dewey Decimal Classification | Main Volume | TEXT BOOKS | LAW SOCIETY OF NAMIBIA LIBRARY - WINDHOEK | LAW SOCIETY OF NAMIBIA LIBRARY - WINDHOEK | Civil Procedure and Court | 10/24/2023 | 347 ERA | LSN/2010/6 | 10/24/2023 | Books |
